ABC "ABC de relacionamiento entre las comunidades negras de los departamentos del Valle, Cauca y Nariño y el sector minero energético" (Registro nro. 20749)
[ vista simple ]
| 000 -CABECERA | |
|---|---|
| Campo de control | 01115nam a22002417a 4500 |
| 005 - FECHA Y HORA DE LA ULTIMA TRANSACCION | |
| Campo de control | 20200129051323.0 |
| 008 - ELEMENTOS DE LONGITUD FIJA—INFORMACION GENERAL | |
| Campo de control | 200129b xxu||||| |||| 00| 0 spa d |
| 020 ## - ISBN | |
| ISBN | 9789589539637 |
| 040 ## - FUENTE DE CATALOGACIÓN | |
| Agencia catalogadora original | CO-BoIAVH |
| Agencia transcriptora | CO-BoIAVH |
| 041 ## - IDIOMA | |
| Código de idioma para texto/pista de sonido o título separado | Español |
| 044 ## - PAÍS DE PUBLICACIÓN | |
| País de publicación | Colombia |
| 082 ## - NUMERO DE CLASIFICACION DECIMAL DEWEY | |
| Número de clasificación | 305.8009861 |
| Número del ítem | M66a |
| 110 ## - ASIENTO PRINCIPAL--NOMBRE CORPORATIVO | |
| 9 (RLIN) | 102410 |
| Nombre corporativo o de jurisdicción como elemento de entrada | Organizaciones y consejos comunitarios del sur del Pacífico |
| 245 ## - MENCION DE TITULO | |
| Título | ABC "ABC de relacionamiento entre las comunidades negras de los departamentos del Valle, Cauca y Nariño y el sector minero energético" |
| Mención de responsabilidad | Organizaciones y consejos Comunitarios del Sur del Pacífico, Minminas y IIAP John Von Neumann |
| 260 ## - PUBLICACION, DISTRIBUCION, ETC. (PIE DE IMPRENTA) | |
| Lugar de publicación, distribución, etc. | Quibdó, Chocó, |
| Nombre del editor, distribuidor, etc. | Instituto de Investigaciones del Pacífico, |
| Fecha de publicación, distribución, etc. | 2016 |
| 300 ## - DESCRIPCION FISICA | |
| Extensión | 43 páginas, |
| Otros detalles físicos | Gráficas y mapas, |
| Dimensiones | 17.9 x 23 cm |
| 650 #0 - ASIENTO SECUNDARIO DE MATERIA - TERMINO TEMATICO | |
| 9 (RLIN) | 6506 |
| Término temático o nombre geográfico como elemento de entrada | Comunidades negras |
| 650 #0 - ASIENTO SECUNDARIO DE MATERIA - TERMINO TEMATICO | |
| 9 (RLIN) | 5711 |
| Término temático o nombre geográfico como elemento de entrada | Sector minero-energético |
| 650 #0 - ASIENTO SECUNDARIO DE MATERIA - TERMINO TEMATICO | |
| 9 (RLIN) | 80431 |
| Término temático o nombre geográfico como elemento de entrada | Interacciones sociales |
| 710 ## - ASIENTO SECUNDARIO - NOMBRE CORPORATIVO | |
| 9 (RLIN) | 102413 |
| Nombre corporativo o de jurisdicción como elemento de entrada | Ministerio de Minas y Energía |
| Unidad subordinada | Oficina de Asuntos Ambientales y Sociales |
| 710 ## - ASIENTO SECUNDARIO - NOMBRE CORPORATIVO | |
| 9 (RLIN) | 23921 |
| Nombre corporativo o de jurisdicción como elemento de entrada | Instituto de Investigaciones Ambientales del Pacífico Jhon von Neumann |
| 942 ## - ELEMENTOS ADICIONALES (KOHA) | |
| Sistema de clasificación | Dewey Decimal Classification |
| Tipo de ítem | Libro |
| Withdrawn status | Lost status | Sistema de Clasificación | Damaged status | No para préstamo | Colección | Ubicación Permanente | Ubicación actual | Fecha de adquisición | Total Checkouts | Número topográfico | Inventario / Código de Barras | Date last seen | Ejemplar | Price effective from | Forma de adquisición | Tipo de material |
|---|---|---|---|---|---|---|---|---|---|---|---|---|---|---|---|---|
| Dewey Decimal Classification | General | Bogotá | Bogotá | 29/01/2020 | LB-305.8009861 M66a | 043489 | 29/01/2020 | Ej. 1 | 29/01/2020 | Donación | Libro |